West Ham Squad 2026 - Statistics

General Stats
  • This quiz has been taken 26 times
  • The average score is 20 of 24
Answer Stats
Nation Age Position Answer % Correct
DR Congo 28 RB Aaron Wan-Bissaka
95%
France 32 GK Alphonse Areola
95%
England 29 RW Jarrod Bowen
95%
Poland 40 GK Lukasz Fabianski
95%
Czechia 30 CDM Tomas Soucek
95%
England 33 ST Callum Wilson
91%
Greece 28 CB Konstantinos Mavropanos
91%
Brazil 28 CAM Lucas Paqueta
91%
Portugal 21 CM Mateus Fernandes
91%
England 28 CB Maximilian Kilman
91%
Senegal 21 LB El Hadji Malick Diouf
86%
France 26 CB Jean-Clair Todibo
86%
Denmark 25 GK Mads Hermansen
86%
Netherlands 24 LW Crysencio Summerville
82%
Argentina 31 CDM Guido Rodriguez
82%
England 31 CM James Ward-Prowse
82%
Argentina 27 ST Taty Castellanos
77%
Scotland 25 CM Andrew Irving
68%
England 28 RB Kyle Walker-Peters
68%
Brazil 22 ST Pablo
68%
France 22 CDM Soungoutou Magassa
68%
Brazil 27 CB Igor Julio
64%
England 20 LB Oliver Scarles
64%
England 22 CDM Freddie Potts
59%
No matching quizzes found
Score Distribution
Percent of People with Each Score
Percentile by Number Answered
Your Score History
You have not taken this quiz